| 000 | 00674nam a2200193 a 4500 | ||
|---|---|---|---|
| 003 | MX-MxUPN | ||
| 005 | 20250410103157.0 | ||
| 008 | 250410s2003 ii |||||r|||| 000 0 eng d | ||
| 040 |
_aMX-MxUPN _bspa _cMX-MxUPN |
||
| 041 | 0 | _aeng | |
| 050 | 1 | 4 |
_aLB1139.3 I4 _bE27 2003 |
| 245 | 0 | 0 |
_aEarly childhood care and education in India : _ban overview |
| 260 |
_aIndia : _bGovernment of India, Ministry of Human Resource Development, Department of Elementary Education & Litercy, _c2003. |
||
| 300 | _a37 páginas | ||
| 650 | 4 |
_aEducación de la primera infancia _zIndia _956342 |
|
| 650 | 4 |
_aCuidado del niño _zIndia _956344 |
|
| 902 | _aVíctor Ruiz/100425 | ||
| 942 |
_2lcc _cFOLL |
||
| 999 |
_c213085 _d213085 |
||